Coupe du Monde Football 1938: Drapeaux des pays qualifiés - Statistiques

Statistiques générales
  • Ce quiz a été pris 59 fois
  • Le résultat moyen est 14 sur 15
Statistiques - réponses
Par images Réponse % Correct
Belgique
100%
Brésil
100%
Allemagne
98%
France
98%
Indes Orientales Néerlandaises
98%
Norvège
98%
Pologne
98%
Roumanie
98%
Suède
98%
Suisse
98%
Cuba
95%
Hongrie
95%
Italie
95%
Pays-Bas
88%
Tchécoslovaquie
79%
Aucun quiz correspondant
Distribution des résultats
% des personnes avec chaque résultat
Percentile par nombre de réponses
Votre historique - résultats
Vous n’avez pas pris ce quiz